Maschi e altri /

Saved in:
Bibliografiske detaljer
Andre forfattere: Nannini, Gianna
Format: Slide
Sprog:italiensk
Udgivet: [Italia] : Dischi Ricordi [distributore], c1989
Tags: Tilføj Tag
Ingen Tags, Vær først til at tagge denne postø!

MARC

LEADER 00000ngm a22000007i 4500
001 IT\ICCU\UBO\3371929
003 ItRI
005 20260124182841.0
008 080212s1989 it |||||||||||||||k|||||c
028 4 2 |a MCN1002 
040 |b ita 
041 7 |a ita  |2 ISO-639-2 
245 0 0 |a Maschi e altri /  |c Gianna Nannini. 
260 |a [Italia] :  |b Dischi Ricordi [distributore],  |c c1989 
300 |a 1 videocassetta (VHS) (ca. 55 min.). :  |b color., son 
500 |a Tit. del contenitore. 
700 1 |a Nannini, Gianna  |0 IT\ICCU\TO0V\261014 
942 |2 ddc  |c VM  |n 0 
952 |0 0  |1 0  |4 0  |6 VO_197_000000000000000  |7 0  |9 26966  |a BO  |b BO  |d 2026-01-24  |i 6387  |l 0  |o VO 197  |p BO6387  |r 2026-01-24 18:28:41  |w 2026-01-24  |x [Sebina 6] [1 videocassetta]  |y VM  |z 1 videocassetta 
999 |c 22814  |d 22814